000 00666nam a2200181 a 4500
001 2119
003 CO-ViMGA
008 141112s2004 ck r 000 u spa d
040 _aCO-ViMGA
_bspa
_cCO-ViMGA
082 0 4 _a616.0759 L171
100 1 _aLara Galindo, Salvador de
_950887
245 1 0 _aManual de tecnicas de disección
260 _aMexico :
_bHarla,
_c1987
300 _a441 p : il
505 _aInstrumental para disección 9 - - Disección de la cabeza y el cuello 31 - - Cavidad abdominopelviana 266 - - Regiones posteriores del miembro superior 365 - - Disecciones del miembro inferior 397
650 1 4 _aDISECCION - TECNICAS
_950888
942 _2ddc
_cBK
999 _c14262
_d14262